00547nam a2200193Ii 450000100060000000300090000600800410001502000150005604000330007104100080010408400130011210000210012524500650014626400490021130000120026033600260027233700280029833800270032620896CO-ViMGA241108s9999||||xx |||||||||||||| ||und|| a849576413X aCO-ViMGAbspaerdacCO-ViMGA0 aspa aN SIL8ma1 aMiquel Silvestre10aMariposas en el cuarto oscuro :bmemorias de un pornógrafo 1aMadrid, España : Ediciones Barataria, 2003 avolumen atextbtxt2rdacontent aunmediatedbn2rdamedia avolumebnc2rdacarrier